00531 2200205 4500001002100000005001500021035002000036007000300056008003900059082001400098084002000112100001600132245004100148260003700189300002500226650001400251700001700265600001500282856002800297INLIS00000000000624820210928102527 a0010-0921000039ta210928 | | |  a634.674.3 a634.674.3 BAS v0 aBASWARSIATI1 aVarietas Unggul Belimbing Karangsari aMalang :bBPTP Jawa Timur,c2009 a2p. :bilus ;c30 cm 4abelimbing0 aTini Siniati 4akarangsari aPerpustakaan BPTP Jatim